MDQL
is popping MORE tags! Check the
thread
!
Quizzes
Events
Quiz Creation
Community
Videos
Private Events
Remove Ads
Sign In
Join for FREE
Feedback
Dark Mode
Quiz Categories
Sports
Geography
Music
Movies
Television
Just For Fun
Miscellaneous
History
Literature
Language
Science
Gaming
Entertainment
Religion
Holiday
For Kids
Quiz Lab
Recent
Popular Today
Quiz Kudos Today
Editor Picks
Curator Picks
Quizzes by...
Day
Popularity
Type
Ratings
Length
Year
Community
Subscriptions
Recent Discussions
Orange Saloon
Badges
Playlists
Quests
Create
Leaderboards
Showdown
Live 5
Trivia Bingo
Activity
Puzzle Library
Sporcle Events
Private Events
Virtual Trivia
Globe League
Become a Host
Pub Owners
SporcleCon
Opinionation
Our Games
Videos
Blog
Mobile Apps
Partnerships
Remove Ads and Go Orange
Feedback
Just For Fun
Clickable
Get the Picture
Humor
Quick Pick
Word Ladder
Missing Word
Mixed Word
Blitz
Minefield
This or That
Alphabet
Color
Typing
Sporcle
Puzzle
Word Play
Follow That Line
Logic
Just For Fun
Clickable
Get the Picture
Humor
Quick Pick
Word Ladder
Missing Word
Mixed Word
Blitz
Minefield
This or That
Alphabet
Color
Typing
Sporcle
Puzzle
Word Play
Follow That Line
Logic
Random Quiz
Search Sporcle
×
Curator Pick
Curator Pick
Just For Fun
Typing
Type in answers that appear in a list
Type in answers that appear in a list
Classic
Best Score? Go Orange.
Black's Law Dictionary Typing Marathon Stats
Can you type the terms from Black's Law Dictionary in under 3 minutes?
By
jenniferann83
3m
150 Questions
372 Plays
372 Plays
372 Plays
Comments
Comments
Give Quiz Kudos
Give Quiz Kudos
-
- Ratings
hide this ad
No Skip
Answers have to be entered in order without skipping
Answers have to be entered in order without skipping
Replay
Link that replays current quiz
Next Quiz
Link to next quiz in quiz playlist
You Got
0%
They Got
Avg Score
77%
Avg Friend Score
Upgrade to see
Score Distribution
Jump to the score distribution portion of the page
Score
0/150
Timer
03:00
0
Plays Today
Word
Answer
% Correct
?
???
100%
?
???
99.7%
?
???
98.9%
?
???
98.4%
?
???
98.4%
?
???
98.4%
?
???
97.8%
?
???
97.3%
?
???
97.3%
?
???
97%
?
???
97%
?
???
96.5%
?
???
96.2%
?
???
96.2%
?
???
96.2%
?
???
96.2%
?
???
96.2%
?
???
96.2%
?
???
96.2%
?
???
96.2%
?
???
96.2%
?
???
96.2%
?
???
96%
?
???
96%
?
???
95.7%
?
???
95.4%
?
???
95.4%
?
???
95.4%
?
???
95.4%
?
???
95.4%
?
???
95.4%
?
???
95.4%
?
???
95.4%
?
???
95.4%
?
???
95.4%
?
???
95.2%
?
???
94.9%
?
???
94.9%
?
???
94.6%
?
???
94.6%
?
???
94.6%
?
???
94.1%
?
???
94.1%
?
???
94.1%
?
???
94.1%
?
???
94.1%
?
???
94.1%
?
???
94.1%
?
???
93.8%
?
???
93.8%
Word
Answer
% Correct
?
???
93.8%
?
???
93.8%
?
???
93.8%
?
???
93.8%
?
???
93.8%
?
???
93.8%
?
???
93.5%
?
???
93.3%
?
???
93.3%
?
???
93.3%
?
???
93%
?
???
93%
?
???
93%
?
???
93%
?
???
93%
?
???
93%
?
???
92.7%
?
???
92.7%
?
???
92.5%
?
???
92.5%
?
???
92.5%
?
???
92.5%
?
???
91.9%
?
???
91.9%
?
???
91.1%
?
???
90.9%
?
???
90.9%
?
???
90.3%
?
???
90.3%
?
???
90.1%
?
???
90.1%
?
???
90.1%
?
???
89.5%
?
???
89.2%
?
???
89%
?
???
89%
?
???
89%
?
???
89%
?
???
88.4%
?
???
88.4%
?
???
88.4%
?
???
87.6%
?
???
87.4%
?
???
87.1%
?
???
86%
?
???
84.9%
?
???
84.1%
?
???
83.9%
?
???
83.6%
?
???
83.1%
Word
Answer
% Correct
?
???
82.8%
?
???
82.5%
?
???
81.7%
?
???
80.9%
?
???
80.1%
?
???
78%
?
???
78%
?
???
77.4%
?
???
76.6%
?
???
75.8%
?
???
75%
?
???
73.4%
?
???
72.3%
?
???
70.7%
?
???
69.1%
?
???
67.7%
?
???
65.9%
?
???
63.4%
?
???
61.3%
?
???
60.2%
?
???
58.1%
?
???
55.6%
?
???
53.2%
?
???
51.9%
?
???
48.9%
?
???
44.9%
?
???
41.1%
?
???
38.7%
?
???
36.8%
?
???
35.5%
?
???
33.9%
?
???
32%
?
???
30.1%
?
???
28.8%
?
???
26.1%
?
???
25.3%
?
???
22.6%
?
???
20.2%
?
???
19.1%
?
???
18.3%
?
???
17.2%
?
???
16.7%
?
???
15.9%
?
???
14.8%
?
???
13.2%
?
???
12.4%
?
???
11%
?
???
9.1%
?
???
7%
?
???
5.9%
Quiz Playlist
Details
Report
Send in Message
Add To Playlist
Classic:
Type in answers that appear in a list
No Skip:
Answers have to be entered in order without skipping
Quiz Source
Last Updated: Feb 16, 2017
Curator Pick in
Typing
Quiz Scoreboard
CHALLENGE
Sign Up to Join the Scoreboard
Show All
Scores
Hide
Comments
May contain spoilers
Recently Published
Colored Red Africa Blitz
by spor1
Geography
30s
Find the 'City' Movie
by crazypaving
Movies
60s
5x2 Blitz: Bands
by SL_Kpop136
Music
30s
More to Explore
Quiz From the Vault
Featured Blog Post
14 Easter Pick-up Lines to Find Eggs With
hide this ad
You Might Also Like...
Tags
Typing Quiz
challenge
Dictionary
Law
legal
marathon
Today's Top Quizzes in Just For Fun
Browse Just For Fun
hide this ad
Today's Top Quizzes in Typing
Browse Typing
Top Contributed Quizzes in Just For Fun
1
Name Just One - 10 to 1: Just For Fun
2
Missing Word: 2-Letter A-Z II
3
Survivor Winners Logic Puzzle
4
Avatar the Last Airbender: Logic Puzzle
5
Quick 5-Color Logic (18)
6
Shadowhunters Protagonists Logic Quiz
7
Medium Renzoku Puzzle 11
8
Killer Double Trees 224 - Colour Match-Up
9
Missing Word: 'Of' Things A-Z
10
Ultimate Minefield Blitz VIII
Explore More
Trending Topics
Anime
Disney
Harry Potter
Crossword
NBA
Kpop
Marvel
WWE
The Office
Puzzle
Song
Soccer
Pokémon
Country
NFL
hide this ad
More By:
jenniferann83
Quiz
Plays
Rating
Category
Featured
Created
Black's Law Dictionary Typing Marathon
372
5.00
Just For Fun
Sep 18, 2013
Completely Blind Capitals of the World
98
5.00
Geography
Sep 8, 2022
What We Do in the Shadows
48
5.00
Television
Sep 8, 2022
Go to Creator's Profile
Score Distribution
Quiz Creator Spotlight
jenniferann83
Follow
Send a Message
Quizzes Created
-
Created Quiz Play Count
-
More By This Creator
Popular Quizzes Today
1
Colored Red Africa Blitz
2
Find the 'City' Movie
3
Find the US States - No Outlines Minefield
4
5x2 Blitz: Bands
5
The Countries of the World
6
Find the US States
7
US States
8
9x9 Crossword: Cartoon Network
More Just For Fun Quizzes
Find Voldemort! An H.P. Logic Puzzle
Published
Trending Quizzes
Colored Red Europe Blitz I
Colored Red Europe Blitz II
Colored Red Africa Blitz II
Colored Red Africa Blitz III
Colored Red Europe Blitz III
Recently Updated
Grab Bag: 4-10 Letters
pecheneg
2024 March Madness Bracket
pecheneg
Famous TV Couples
Peacemaker
Champions League XIs: Real Madrid
pecheneg
Largest US Cities 1790-2010
pecheneg
Rides in Walt Disney World
pecheneg
Most Oscar Losses (Acting)
pecheneg
Beyoncé Albums
pecheneg
Leaping Animals
pecheneg
Reality TV Shows (A-Z)
bhenderson79
Trending Topics
Marvel
Crossword
NBA
Disney
Harry Potter
Kpop
Anime
Song
WWE
NFL
The Office
Soccer
Country
Puzzle
Pokémon
Your Account Isn't Verified!
In order to create a playlist on Sporcle, you need to verify the email address you used during registration. Go to your
Sporcle Settings
to finish the process.
Report this User
Report this user for behavior that violates our
Community Guidelines
.
Details:
Send Report
Go to the Sporcle.com Mobile Site →
Comments